| 000 | 00503nam a22001457a 4500 | ||
|---|---|---|---|
| 082 | _aP659 | ||
| 100 |
_aMuhammad Abubakar Naveed Syn#9 _950953 |
||
| 245 |
_aForensic geotechnical investigation investigation of the slope failure at qila bala hisar with _ba view to propose its remediatation |
||
| 260 |
_aRisalpur, _bMCE, _c2016 |
||
| 300 | _a73p. | ||
| 526 |
_a0 _b0 _c0 _dP_659_000000000000000 |
||
| 526 |
_a0 _b0 _c0 _dP_659_000000000000000 |
||
| 700 |
_aLt Col Dr Sarfraz Ali _950954 |
||
| 942 |
_2ddc _cBK |
||
| 999 |
_c553705 _d553705 |
||